<?xml version="1.0" encoding="UTF-8"?>
<record
    xmlns:xsi="http://www.w3.org/2001/XMLSchema-instance"
    xsi:schemaLocation="http://www.loc.gov/MARC21/slim http://www.loc.gov/standards/marcxml/schema/MARC21slim.xsd"
    xmlns="http://www.loc.gov/MARC21/slim">

  <leader>05160njm a2200685Ia 4500</leader>
  <controlfield tag="001">B7136</controlfield>
  <controlfield tag="003">IT-RoPAU</controlfield>
  <controlfield tag="005">20220918181115.0</controlfield>
  <controlfield tag="008">131025s9999    xx            000 0 und d</controlfield>
  <datafield tag="040" ind1=" " ind2=" ">
    <subfield code="a">IT-RoPAU</subfield>
  </datafield>
  <datafield tag="040" ind1=" " ind2=" ">
    <subfield code="c">IT-RoPAU</subfield>
  </datafield>
  <datafield tag="999" ind1=" " ind2=" ">
    <subfield code="c">99304</subfield>
    <subfield code="d">99304</subfield>
  </datafield>
  <datafield tag="999" ind1=" " ind2=" ">
    <subfield code="b">n.d.</subfield>
  </datafield>
  <datafield tag="100" ind1=" " ind2=" ">
    <subfield code="a">AA.VV.</subfield>
    <subfield code="9">794</subfield>
  </datafield>
  <datafield tag="100" ind1=" " ind2=" ">
    <subfield code="e">Autore musica</subfield>
    <subfield code="9">29193</subfield>
  </datafield>
  <datafield tag="100" ind1=" " ind2=" ">
    <subfield code="g">Codice autore musica SPICS: 12000</subfield>
    <subfield code="9">796</subfield>
  </datafield>
  <datafield tag="245" ind1=" " ind2=" ">
    <subfield code="a">Blue Note Story 1953-66 (The): The Lp Era</subfield>
  </datafield>
  <datafield tag="250" ind1=" " ind2=" ">
    <subfield code="a">2a ed.</subfield>
  </datafield>
  <datafield tag="260" ind1=" " ind2=" ">
    <subfield code="a">MILANO</subfield>
  </datafield>
  <datafield tag="260" ind1=" " ind2=" ">
    <subfield code="b">RUSCONI</subfield>
    <subfield code="c">1993 [1a Ed.:0]</subfield>
  </datafield>
  <datafield tag="300" ind1=" " ind2=" ">
    <subfield code="a">COMPACT DISC</subfield>
  </datafield>
  <datafield tag="300" ind1=" " ind2=" ">
    <subfield code="c">74 minuti (Testo: 0 pag.)</subfield>
  </datafield>
  <datafield tag="500" ind1=" " ind2=" ">
    <subfield code="a">Musica jazz. Compact fuori commercio allegato al n. 4 1993 della rivista "Musica jazz"</subfield>
  </datafield>
  <datafield tag="505" ind1=" " ind2=" ">
    <subfield code="a">Cyclotron [(Hackensack, 31 gennaio 1953) (Melle Gil) (4:00)] - Once In A While [(New York, 21 febbraio 1954) (Brown Clifford) (6:00)] - Stop Time [(Hackensack, 13 dicembre 1954) (Silver Horace) (5:00)] - Dance Line [(Hackensack, 6 maggio 1955) (Nichols Herbie) (5:00)] - Just For the Love [(Hackensack, 21 settembre 1956) (Chambers Paul) (4:00)] - My Reverie [(Hackensack, 21 settembre 1956) (Mobley Hank) (6:00)] - Blue Room [(New York, 25 agosto 1957) (Smith Jimmy) (6:00)] - I Can't Get Started (New York, 3 novembre 1957) (Rollins Sonny) (5:00)] - Alison's Uncle [(Hackensack, 9 marzo 1958) (Adderley Julian) (6:00)] - Theme For Sister Salvation [(Englewood Cliffs, 15 febbraio 1960) (Redd Freddie) (5:00)] - Stranger In Paradise [(Englewood Cliffs, 2 marzo 1961) (Brooks Tina) (8:00)] - Oleo [(Englewood Cliffs, 31 gennaio 1962) (Green Grant) (6:00)] - Night Watch [(Englewood Cliffs, 14 settembre 1964) (Dorham Kenny) (6:00)] - The Collector [(Englewood Cliffs, 24 febbraio 1966) (Shorter Wayne) (7:00)]</subfield>
  </datafield>
  <datafield tag="511" ind1=" " ind2=" ">
    <subfield code="a">Bert Eddie: trne; Melle Gil: ten; Farlow Tal: chit; Lombardi Clyde: cb; Morello Joe: batt</subfield>
  </datafield>
  <datafield tag="511" ind1=" " ind2=" ">
    <subfield code="a">Brown Clifford: tr; Silver Horace: p; Russell Curley: cb; Blakey Art: batt</subfield>
  </datafield>
  <datafield tag="511" ind1=" " ind2=" ">
    <subfield code="a">Dorham Kenny: tr; Mobley Hank: ten; Silver Horace: p; Watkins Doug: cb; Blakey Art: batt</subfield>
  </datafield>
  <datafield tag="511" ind1=" " ind2=" ">
    <subfield code="a">Nichols Herbie: p; McKibbon Al: cb; Blakey Art: batt</subfield>
  </datafield>
  <datafield tag="511" ind1=" " ind2=" ">
    <subfield code="a">Byrd Donald: tr; Coltrane John: ten; Silver Horace: p; Burrell Kenny: chit; Chambers Paul: cb; Joe Jones Philly: batt</subfield>
  </datafield>
  <datafield tag="511" ind1=" " ind2=" ">
    <subfield code="a">Dorham Kenny: tr; Mobley Hank: ten; Clark Sonny: p; Rowser Jimmy: cb; Taylor Art: batt</subfield>
  </datafield>
  <datafield tag="511" ind1=" " ind2=" ">
    <subfield code="a">Fuller Curtis: trne; Smith Jimmy: org; Bailey Donald: batt</subfield>
  </datafield>
  <datafield tag="511" ind1=" " ind2=" ">
    <subfield code="a">Rollins Sonny: ten; Ware Wilbur: cb; Jones Elvin: batt</subfield>
  </datafield>
  <datafield tag="511" ind1=" " ind2=" ">
    <subfield code="a">Davis Miles: tr; Adderley Cannonball: alto; Jones Hank: p; Jones Sam: cb; Blakey Art: batt</subfield>
  </datafield>
  <datafield tag="511" ind1=" " ind2=" ">
    <subfield code="a">McLean Jackie: alto; Redd Freddie: p; Mattos Michael: cb; Ritchie Larry: batt</subfield>
  </datafield>
  <datafield tag="511" ind1=" " ind2=" ">
    <subfield code="a">Coles Johnny: tr; Brooks Tina: ten; Drew Kenny: p; Ware Wilbur: cb; Joe Jones Philly: batt</subfield>
  </datafield>
  <datafield tag="511" ind1=" " ind2=" ">
    <subfield code="a">Clark Sonny: p; Green Grant: chit; Jones Sam: cb; Hayes Louis: batt</subfield>
  </datafield>
  <datafield tag="511" ind1=" " ind2=" ">
    <subfield code="a">Dorham Kenny: tr; Henderson Joe: ten; Flanagan Tommy: p; Davis Richard: cb; Heath Albert: batt</subfield>
  </datafield>
  <datafield tag="511" ind1=" " ind2=" ">
    <subfield code="a">Shorter Wayne: ten; Hancock Herbie: p; Workman Reginald: cb; Chambers Joe: batt</subfield>
  </datafield>
  <datafield tag="650" ind1=" " ind2=" ">
    <subfield code="a">JAZZ [COMPACT DISC]</subfield>
    <subfield code="e">Codice MATERIA SPICS: 9949</subfield>
    <subfield code="9">11822</subfield>
  </datafield>
  <datafield tag="700" ind1=" " ind2=" ">
    <subfield code="a">Melle Gil</subfield>
    <subfield code="d">Codice autore musica SPICS: 38894</subfield>
    <subfield code="e">Autore musica</subfield>
    <subfield code="p">Cyclotron</subfield>
    <subfield code="9">29194</subfield>
  </datafield>
  <datafield tag="700" ind1=" " ind2=" ">
    <subfield code="a">Green Bernie</subfield>
    <subfield code="d">Codice autore musica SPICS: 15839</subfield>
    <subfield code="e">Autore musica</subfield>
    <subfield code="p">Once In A While</subfield>
    <subfield code="9">29195</subfield>
  </datafield>
  <datafield tag="700" ind1=" " ind2=" ">
    <subfield code="a">Edwards M.</subfield>
    <subfield code="d">Codice autore SPICS: 15942</subfield>
    <subfield code="e">Autore</subfield>
    <subfield code="p">Once In A While</subfield>
    <subfield code="9">29196</subfield>
  </datafield>
  <datafield tag="700" ind1=" " ind2=" ">
    <subfield code="a">Silver Horace</subfield>
    <subfield code="d">Codice autore musica SPICS: 26383</subfield>
    <subfield code="e">Autore musica</subfield>
    <subfield code="p">Stop Time</subfield>
    <subfield code="9">29197</subfield>
  </datafield>
  <datafield tag="700" ind1=" " ind2=" ">
    <subfield code="a">Nichols Herbie</subfield>
    <subfield code="d">Codice autore musica SPICS: 37218</subfield>
    <subfield code="e">Autore musica</subfield>
    <subfield code="p">Dance Line</subfield>
    <subfield code="9">29198</subfield>
  </datafield>
  <datafield tag="700" ind1=" " ind2=" ">
    <subfield code="a">Coltrane John William</subfield>
    <subfield code="d">Codice autore musica SPICS: 10732</subfield>
    <subfield code="e">Autore musica</subfield>
    <subfield code="p">Just For the Love</subfield>
    <subfield code="9">29199</subfield>
  </datafield>
  <datafield tag="700" ind1=" " ind2=" ">
    <subfield code="a">Debussy Claude</subfield>
    <subfield code="d">Codice autore musica SPICS:  7486</subfield>
    <subfield code="e">Autore musica</subfield>
    <subfield code="p">My Reverie</subfield>
    <subfield code="9">29200</subfield>
  </datafield>
  <datafield tag="700" ind1=" " ind2=" ">
    <subfield code="a">Clinton L.</subfield>
    <subfield code="d">Codice autore SPICS: 38896</subfield>
    <subfield code="e">Autore</subfield>
    <subfield code="p">My Reverie</subfield>
    <subfield code="9">29201</subfield>
  </datafield>
  <datafield tag="700" ind1=" " ind2=" ">
    <subfield code="a">Rodgers Richard</subfield>
    <subfield code="d">Codice autore musica SPICS: 11120</subfield>
    <subfield code="e">Autore musica</subfield>
    <subfield code="p">Blue Room</subfield>
    <subfield code="9">29202</subfield>
  </datafield>
  <datafield tag="700" ind1=" " ind2=" ">
    <subfield code="a">Hart Lorenz</subfield>
    <subfield code="d">Codice autore SPICS: 10738</subfield>
    <subfield code="e">Autore</subfield>
    <subfield code="p">Blue Room</subfield>
    <subfield code="9">29203</subfield>
  </datafield>
  <datafield tag="700" ind1=" " ind2=" ">
    <subfield code="a">Duke Vernon</subfield>
    <subfield code="d">Codice autore musica SPICS: 16363</subfield>
    <subfield code="e">Autore musica</subfield>
    <subfield code="p">I Can't Get Started</subfield>
    <subfield code="9">29204</subfield>
  </datafield>
  <datafield tag="700" ind1=" " ind2=" ">
    <subfield code="a">Gershwin Ira</subfield>
    <subfield code="d">Codice autore SPICS: 10501</subfield>
    <subfield code="e">Autore</subfield>
    <subfield code="p">I Can't Get Started</subfield>
    <subfield code="9">29205</subfield>
  </datafield>
  <datafield tag="700" ind1=" " ind2=" ">
    <subfield code="a">Adderley Julian</subfield>
    <subfield code="d">Codice autore musica SPICS: 36622</subfield>
    <subfield code="e">Autore musica</subfield>
    <subfield code="p">Alison's Uncle</subfield>
    <subfield code="9">29206</subfield>
  </datafield>
  <datafield tag="700" ind1=" " ind2=" ">
    <subfield code="a">Redd Freddie</subfield>
    <subfield code="d">Codice autore musica SPICS: 37846</subfield>
    <subfield code="e">Autore musica</subfield>
    <subfield code="p">Theme For Sister Salvation</subfield>
    <subfield code="9">29207</subfield>
  </datafield>
  <datafield tag="700" ind1=" " ind2=" ">
    <subfield code="a">Borodin Alexandr Porfirievic</subfield>
    <subfield code="d">Codice autore musica SPICS: 10770</subfield>
    <subfield code="e">Autore musica</subfield>
    <subfield code="p">Stranger In Paradise</subfield>
    <subfield code="9">29208</subfield>
  </datafield>
  <datafield tag="700" ind1=" " ind2=" ">
    <subfield code="a">Wright</subfield>
    <subfield code="d">Codice autore SPICS: 21796</subfield>
    <subfield code="e">Autore</subfield>
    <subfield code="p">Stranger In Paradise</subfield>
    <subfield code="9">29209</subfield>
  </datafield>
  <datafield tag="700" ind1=" " ind2=" ">
    <subfield code="a">Forrest</subfield>
    <subfield code="d">Codice autore testo/musica SPICS: 21794</subfield>
    <subfield code="e">Autore testo/musica</subfield>
    <subfield code="p">Stranger In Paradise</subfield>
    <subfield code="9">29210</subfield>
  </datafield>
  <datafield tag="700" ind1=" " ind2=" ">
    <subfield code="a">Rollins Sonny</subfield>
    <subfield code="d">Codice autore musica SPICS: 16190</subfield>
    <subfield code="e">Autore musica</subfield>
    <subfield code="p">Oleo</subfield>
    <subfield code="9">29211</subfield>
  </datafield>
  <datafield tag="700" ind1=" " ind2=" ">
    <subfield code="a">Dorham Kenny</subfield>
    <subfield code="d">Codice autore musica SPICS: 36241</subfield>
    <subfield code="e">Autore musica</subfield>
    <subfield code="p">Night Watch</subfield>
    <subfield code="9">29212</subfield>
  </datafield>
  <datafield tag="700" ind1=" " ind2=" ">
    <subfield code="a">Hancock Herbie</subfield>
    <subfield code="d">Codice autore musica SPICS: 10673</subfield>
    <subfield code="e">Autore musica</subfield>
    <subfield code="p">The Collector</subfield>
    <subfield code="9">29213</subfield>
  </datafield>
  <datafield tag="942" ind1=" " ind2=" ">
    <subfield code="c">CD</subfield>
    <subfield code="2">ddc</subfield>
  </datafield>
  <datafield tag="952" ind1=" " ind2=" ">
    <subfield code="0">0</subfield>
    <subfield code="1">0</subfield>
    <subfield code="4">0</subfield>
    <subfield code="6">B_7136_000000000000000</subfield>
    <subfield code="7">1</subfield>
    <subfield code="a">SPICS</subfield>
    <subfield code="b">SPICS</subfield>
    <subfield code="d">2013-10-25</subfield>
    <subfield code="l">0</subfield>
    <subfield code="o">B7136</subfield>
    <subfield code="r">2013-10-25 00:00:00</subfield>
    <subfield code="w">2013-10-25</subfield>
    <subfield code="y">CD</subfield>
    <subfield code="z">Progr. Ins.: 798 / N.Vol.: 1 / Copie: 1 - Copia rara: n.d. / date import: 01.01.2014 - By Epidotti, Trombetti, Vaglietti</subfield>
  </datafield>
</record>
